| 000 | 02019nam a2200385 c 4500 | ||
|---|---|---|---|
| 999 |
_c193501 _d193501 |
||
| 003 | BLK | ||
| 005 | 20200427092026.0 | ||
| 008 | 180411b bul|||||r ||||||| ||bul|| | ||
| 010 | _aKNG00202716000 | ||
| 040 | _aBLK | ||
| 041 |
_aBUL _cBUL |
||
| 072 | 7 |
_2bullib _aА _xФонд Михаил Арнаудов |
|
| 072 | 7 |
_2bullib _aЯ _xАвтографи |
|
| 080 |
_aБългарска литература _b821.163.2 _x(091)(092) _z821.163.2(091)(092) |
||
| 080 |
_aВизантийски учен. Заедно с брат си Методий е създателят на глаголицата, славянски християнски просветител. Канонизиран за светец и равноапостол _b929 Константин Кирил Философ, св. _z929 Константин Кирил Философ, св. |
||
| 100 | 1 |
_aГеоргиев, Емил Иванов _eпърви автор _9369406 |
|
| 139 |
_aГеоргиев, Емил Иванов _bК 83 |
||
| 245 | 1 | 0 |
_aПроизведенията, приписвани на св. Кирила _bЧ. 1 - _cЕмил Иванов Георгиев. _nЧ. 1 |
| 257 | _aBGR | ||
| 260 |
_c1939 - _fСофия : Култура |
||
| 300 | _c24 см | ||
| 380 | _a82 | ||
| 490 | 1 |
_aStudia historica-philologic serdicensia _vVol. V. Supplement |
|
| 490 |
_aЧастна колекция - Академик Михаил Арнаудов _9396381 _gДарение - Основен фонд |
||
| 500 | _aАвтограф с текст: На г. проф. М. Арнаудов - с почит Авт. | ||
| 600 | 1 | 4 |
_aКонстантин Кирил Философ _9245770 |
| 650 | 4 |
_aСтаробългарска литература _9253145 |
|
| 650 | 4 |
_aКонстантин Кирил философ _9245771 |
|
| 659 | _aА | ||
| 659 | _aЯ | ||
| 760 | 1 |
_aГеоргиев, Емил Иванов _d1939 _h94 с. _nБиблиогр. с. 93. - Автограф с текст: На г. проф. М. Арнаудов - с почит Авт. - Мека подв. _tЧ. 1 |
|
| 852 |
_aМА 1512 _bМА |
||
| 856 | 4 | _qpdf | |
| 856 | 4 | _qpdf | |
| 942 |
_cKNG _n0 _s1 |
||
| 944 |
_aCR _c10.03.2017 _kГеновева_Генчева |
||
| 944 |
_aED _c10.03.2017 _kГеновева_Генчева |
||
| 999 | _d193501 | ||
| 999 | _d193501 | ||